Nom des personnages de Harry Potter - Statistiques

Statistiques générales
  • Ce quiz a été pris 185 fois
  • Le résultat moyen est 14 sur 16
Statistiques - réponses
Par images Réponse % Correct
Harry Potter
100%
Hermione Granger
95%
Dobby
94%
Ron Weasley
94%
Rubeus Hagrid
94%
Voldemort
94%
Albus Dumbledore
89%
Sirius Black
88%
Bellatrix Lestrange
87%
Ginny Weasley
87%
Hedwige
84%
Luna Lovegood
84%
Minerva McGonagall
83%
Neville Londubat
80%
Cho Chang
77%
Remus Lupin
77%
Aucun quiz correspondant
Distribution des résultats
% des personnes avec chaque résultat
Percentile par nombre de réponses
Votre historique - résultats
Vous n’avez pas pris ce quiz